Central Library OPAC University of Rajshahi
Normal view MARC view

Entry Topical Term

Number of records used in: 2

001 - CONTROL NUMBER

  • control field: 15832

003 - CONTROL NUMBER IDENTIFIER

  • control field: BD-RjUL

005 - DATE AND TIME OF LATEST TRANSACTION

  • control field: 20250628140406.0

008 - FIXED-LENGTH DATA ELEMENTS

  • fixed length control field: 250628|| aca||aabn | a|a d

040 ## - CATALOGING SOURCE

  • Original cataloging agency: BD-RjUL
  • Transcribing agency: BD-RjUL

150 ## - HEADING--TOPICAL TERM

  • Topical term or geographic name entry element: Family
  • Form subdivision: Personal narratives

670 ## - SOURCE DATA FOUND

  • Source citation: Work cat.: (BD-RjUL)85083: West, Rebecca, 1892-1983. 15829, A letter to a grandfather /, 1933.